Normal view
MARC view
Entry Personal Name
001 - CONTROL NUMBER
- control field: 166346
003 - CONTROL NUMBER IDENTIFIER
- control field: OSt
005 - DATE AND TIME OF LATEST TRANSACTION
- control field: 20220923222220.0
008 - FIXED-LENGTH DATA ELEMENTS
- fixed length control field: 220923|| aca||aabn | a|a d
040 ## - CATALOGING SOURCE
- Original cataloging agency: OSt
- Transcribing agency: OSt
100 ## - HEADING--PERSONAL NAME
- Personal name: भट्टाचार्य, वीरेन्द्रकुमार; मागध, कृष्णप्रसाद सिंह, अनु
670 ## - SOURCE DATA FOUND
- Source citation: Work cat.: (OSt)354525: भट्टाचार्य, वीरेन्द्रकुमार; मागध, कृष्णप्रसाद सिंह, अनु., मृत्युंजय, 1982
